ARRUPE JESUIT UNIVERSITY

CORONAVIRUS -STOP THE SPREAD - CLEAN,DISINFECT,COVER

A study of Zambia's natural resources; (Record no. 120726)

MARC details
000 -LEADER
fixed length control field 00858cam a2200253 4500
001 - CONTROL NUMBER
control field 2657137
003 - CONTROL NUMBER IDENTIFIER
control field ARRUPE
005 - DATE AND TIME OF LATEST TRANSACTION
control field 20140612120847.0
008 - FIXED-LENGTH DATA ELEMENTS--GENERAL INFORMATION
fixed length control field 700127s1968 za ab b 000 0 eng
010 ## - LIBRARY OF CONGRESS CONTROL NUMBER
LC control number 70980547
040 ## - CATALOGING SOURCE
Original cataloging agency DLC
Transcribing agency DLC
Modifying agency DLC
050 00 - LIBRARY OF CONGRESS CALL NUMBER
Classification number S934.Z3
Item number S7
082 00 - DEWEY DECIMAL CLASSIFICATION NUMBER
Classification number 333.7/09689/4
300 ## - PHYSICAL DESCRIPTION
Other physical details illus., maps.
Dimensions 22 cm.
100 1# - MAIN ENTRY--PERSONAL NAME
Personal name Storrs, Adrian,
Dates associated with a name 1921-
9 (RLIN) 10886
245 12 - TITLE STATEMENT
Title A study of Zambia's natural resources;
Remainder of title the story of Zambia's flora and fauna and their influence on everyday life
Statement of responsibility, etc [by] A. E. G. Storrs.
260 ## - PUBLICATION, DISTRIBUTION, ETC. (IMPRINT)
Place of publication, distribution, etc Lusaka,
Name of publisher, distributor, etc Oxford University Press,
Date of publication, distribution, etc 1968.
300 ## - PHYSICAL DESCRIPTION
Extent xi, 131 p.
350 ## - PRICE (NR) (BK AM CF MU VM SE) [OBSOLETE]
Price 16.00
504 ## - BIBLIOGRAPHY, ETC. NOTE
Bibliography, etc Bibliography: p. 131.
650 #0 - SUBJECT ADDED ENTRY--TOPICAL TERM
Topical term or geographic name as entry element Conservation of natural resources
Geographic subdivision Zambia.
9 (RLIN) 10887
650 #0 - SUBJECT ADDED ENTRY--TOPICAL TERM
Topical term or geographic name as entry element Natural history
Geographic subdivision Zambia.
9 (RLIN) 10888
906 ## - LOCAL DATA ELEMENT F, LDF (RLIN)
a 7
b cbc
c orignew
d u
e ncip
f 19
g y-gencatlg
942 ## - ADDED ENTRY ELEMENTS (KOHA)
Source of classification or shelving scheme Library of Congress Classification
Koha item type SPC
Holdings
Withdrawn status Lost status Source of classification or shelving scheme Damaged status Not for loan Collection code Home library Current library Shelving location Date acquired Total Checkouts Full call number Barcode Date last seen Price effective from Koha item type
    Library of Congress Classification     SPECIAL Collection ARRUPE LIBRARY ARRUPE LIBRARY Main Collection 12/06/2014   SPC S934.Z3 S7 46500000505 12/06/2014 12/06/2014 SPC

 

Arrupe Library. PO Box MP320 Mt Pleasant, Harare, Zimbabwe
263 242 745411|librarian@aju.ac.zw